Piłkarska kariera Leo Messiego. - Statystyki

Ogólne statystyki
  • Ten quiz został rozwiązany 117 razy
  • Średni wynik to 4 z 5
Statystyki odpowiedzi
Lata Drużyna % Poprawnych
2004-2021 FC Barcelona
100%
2021-2023 Paris Saint Germain
98%
2023- Inter Miami
89%
2004-2005 FC Barcelona Atlètic
49%
2003-2004 FC Barcelona C
23%
Nie znaleziono quizów pasujących do podanych kryteriów
Rozkład punktacji
Procent ludzi z każdym wynikiem
Percentyl według liczby udzielonych odpowiedzi
Twoja historia wyników
Nie rozwiązałeś tego quizu